[Event "Olympiad-31"]
[Site "Moscow"]
[Date "1994.12.15"]
[Round "14.3"]
[White "Lobron, Eric"]
[Black "Tiviakov, Sergei"]
[Result "0-1"]
[WhiteElo "2580"]
[BlackElo "2640"]
[Annotator "Lobron,E"]
[PlyCount "76"]
[EventDate "1994.12.01"]
[EventType "team-swiss"]
[EventRounds "14"]
[EventCountry "RUS"]
[SourceTitle "CBM 045"]
[Source "ChessBase"]
[SourceDate "1995.04.01"]
[SourceVersion "1"]
[SourceVersionDate "1995.04.01"]
[SourceQuality "1"]
[WhiteTeam "Germany"]
[BlackTeam "Russia"]
[WhiteTeamCountry "GER"]
[BlackTeamCountry "RUS"]

1. Nf3 {Ribli} Nf6 2. c4 b6 3. g3 e6 4. Bg2 Bb7 5. O-O Be7 6. b3 (6. Nc3 O-O 7.
d4 Ne4 8. Bd2 f5) 6... O-O 7. Bb2 c5 8. e3 d5 9. Qe2 Nc6 (9... Nbd7 $5 {Ribli})
10. d3 Qc7 11. Nc3 dxc4 12. bxc4 Rfd8 (12... a6 13. Rab1 Rab8 14. Ba1 Rfd8 15.
Rfd1 Ba8 {Zaichik-Tiviakov,S/Moscow olm/1994/}) (12... Rad8 {Ribli} 13. Ne1 a6
14. f4 Na7 (14... Nb4 $5) 15. a4 Bxg2 16. Qxg2 Nc6 17. g4 Nb4 18. g5 Ne8 19.
Ne4 $5 Nxd3 20. Nxd3 Rxd3 21. Nf6+ Bxf6 22. gxf6 g6 23. Rad1 Rxe3 24. Be5 $44 {
Lobron,E-Timman,J/Brussels SWIFT 25'/1992/EXP 29/}) 13. Ne1 a6 14. f4 Nb4 $6 (
14... Na7 $5) 15. a3 Bxg2 16. Qxg2 Nc6 (16... Nxd3 $4 17. Nxd3 Rxd3 18. Qxa8+
$18) 17. g4 Ne8 18. g5 (18. Ne4 {Ribli} Nd6 19. Ng3 b5 $132) 18... Nd6 19. Rf3
b5 $1 20. cxb5 $1 (20. Rh3 bxc4 21. dxc4 Rab8 $132) 20... axb5 21. Rh3 b4 22.
Ne4 (22. axb4 {Ribli} Rxa1 23. Bxa1 cxb4 $15) 22... Nxe4 (22... bxa3 23. Nf6+
Bxf6 24. gxf6 Nf5 (24... g6 $6 25. Bc3 Ne8 26. Nf3 Rxd3 27. Rxh7 $1 Kxh7 28.
Qh3+ Kg8 29. Ng5 $18) 25. Bc3 Ncd4 $5 26. Bxd4 $1 (26. exd4 cxd4 27. Bxd4 Qxf4
$13) 26... cxd4 27. e4 Qxf4 28. exf5 g6 29. Rf3 Qh6 30. fxg6 hxg6 31. Rf2 $16)
23. Qxe4 g6 24. f5 $1 (24. Qf3 e5 $1) (24. Qg2 $5 e5 25. a4 $5 $13) 24... exf5
$1 (24... e5 $2 25. Nf3 bxa3 26. Bc3 Bd6 27. Qh4 h5 28. gxh6 Be7 29. Qe4) (
24... Bxg5 $2 25. fxg6 fxg6 26. Nf3) (24... gxf5 25. Qh4 (25. Rxh7 Rd4 $3 26.
Bxd4 cxd4 27. Qh4 Qe5 28. Nf3 Qxe3+ 29. Kg2 Qe2+ $10) 25... Kf8 26. Qxh7 Bxg5
27. Qg8+ $3 $18) 25. Qh4 $2 (25. Rxh7 $142 Rd4 $3 (25... Nd4 {Ribli} 26. Qh4 $1
Bxg5 27. Qxg5 Kxh7 28. exd4 bxa3 29. Bc3 $40) 26. Bxd4 cxd4 27. Qh4 Qe5 28. Nf3
Qxe3+ 29. Kg2 Qe2+ 30. Kg1 Qe3+ $10) 25... h5 26. gxh6 $1 Ne5 $2 (26... Kh7 27.
Qc4 Ne5 $1 (27... Bg5 28. Qxc5 Ra5 (28... bxa3 29. Nf3) 29. Nf3 $1) (27... Rf8
{Ribli} 28. axb4 Rxa1 29. Bxa1 cxb4 30. Bg7 $40) 28. Bxe5 Qxe5 29. Qxf7+ Kh8
$19) 27. h7+ Kh8 28. Nf3 $1 f6 (28... Bxh4 29. Bxe5+ Qxe5 30. Nxe5 Bf6 31.
Nxf7+ Kg7 32. Nxd8 Rxd8 33. Rb1 bxa3 $2 34. h8=Q+ Rxh8 35. Rb7+ Kg8 36. Rb8+
$18) 29. Nxe5 fxe5 30. Qg3 Bf6 31. Rh6 $1 (31. Qxg6 {Ribli} Bg7 32. Qxf5 bxa3
33. Rxa3 Rxa3 34. Bxa3 Qa5 35. Bb2 Rf8 $19) 31... bxa3 32. Rxa3 Rxa3 33. Rxg6 (
33. Bxa3 Rxd3 34. Qxg6 Qg7 35. Bxc5 $10) 33... Kxh7 $1 (33... Raa8 34. Rxf6 $40
) 34. Rxf6 (34. Bxa3 Qf7 $19) 34... Qg7 $1 (34... Rg8 35. Rh6+ Kxh6 36. Qxg8
Ra6 (36... Rxd3 {Ribli} 37. Qh8+ Qh7 38. Qxe5 Qg6+ $15) 37. Qh8+ Qh7 38. Qxe5
$10) 35. Qxg7+ $2 (35. Rf7 $1 Qxf7 36. Qh4+ Kg6 37. Qxd8 Ra2 38. Bxe5 $13)
35... Kxg7 36. Bxe5 Raxd3 37. Rc6+ (37. Rxf5+ {Ribli} Kg6 38. Rf6+ Kg5 $19)
37... Kf7 $138 38. Rxc5 Rxe3 0-1

[Event "EU-ch 12th"]
[Site "Aix les Bains"]
[Date "2011.03.26"]
[Round "5"]
[White "Reinderman, Dimitri"]
[Black "Polgar, Judit"]
[Result "1/2-1/2"]
[WhiteElo "2601"]
[BlackElo "2686"]
[Annotator "Marchand,A/Primel,D"]
[PlyCount "98"]
[EventDate "2011.03.22"]
[EventType "swiss"]
[EventRounds "11"]
[EventCountry "FRA"]
[SourceTitle "CBM 142 Extra"]
[Source "ChessBase"]
[SourceDate "2011.06.27"]
[SourceVersion "1"]
[SourceVersionDate "2011.06.27"]
[SourceQuality "1"]
[TimeControl "40/5400+30:1800+30"]

1. c4 e6 2. g3 d5 3. Bg2 Nf6 4. Nf3 Be7 5. O-O O-O 6. b3 (6. d4 dxc4 {Retombe
sur une Catalane}) 6... b6 (6... c5) 7. Bb2 Bb7 8. e3 (8. Nc3 c5) 8... c5 9.
Nc3 {[%emt 0:01:28]} Nbd7 {[%emt 0:01:25]} (9... dxc4 10. bxc4 Nc6 11. Qe2 {
[%cal Gf1d1]} (11. d3 Na5 (11... Nb4 12. Qb3 Rc8 13. Rad1 Rc7 {[%cal Gd8a8,
Gf8d8]} 14. Nb5 (14. Ne5 Bxg2 15. Kxg2 Qa8+ 16. Kg1 Rd8 $11) 14... Rd7 {
[%csl Rd3]})) 11... a6 12. Ne1 {[%cal Gg2b7]} (12. Rfd1) 12... Qc7 13. f4 Na7
$1 $11 {[%cal Gb6b5];Sokolovs,A (2505)-Kabatianski,A (2445) BL2-Sued 9596 1995
[1] 1/2}) (9... Nc6 10. Qe2 Rc8 (10... dxc4 11. bxc4 a6 12. Rfd1 Qc7 13. Rab1 {
[%csl Rb6]} Rab8 14. Ba1 Rfd8 15. d3 Ba8 16. Ne1 Na7 17. Bxa8 Rxa8 18. g4 Rab8
19. g5 Ne8 20. Qg4 Nd6 21. h4 b5 22. h5 $36 {Gonzalez Garcia,J (2532)-Colon
Garcia,E (2339) Badalona op-A 38th 2012 (4) 1/2})) 10. Qe2 {[%emt 0:01:25]} Rc8
{[%emt 0:01:19]} (10... Qc7) 11. cxd5 {[%emt 0:01:21]} (11. d3 Qc7 12. Nh4 Rfe8
13. f4 Nf8 14. Rad1 Ng6 15. Nf3 Qb8 16. Kh1 Qa8 17. Rde1 Bf8 18. e4 d4 19. Nd1
Nd7 20. Bc1 f5 21. Nf2 Nf6 22. e5 Nd7 23. Rg1 Be7 24. Bd2 Rf8 25. Nh3 h6 {
Tomashevsky,E (2689)-Wang Yue (2736)/Sochi 2009/CBM 131 Extra/1-0 (81)}) (11.
Rfd1) (11. Rac1 Re8 12. Nd1 Bf8 13. cxd5 exd5 14. d4 cxd4 15. Nxd4 Rxc1 16.
Bxc1 {1/2-1/2 (16) Iturrizaga Bonelli,E (2655)-Bruzon Batista,L (2707)
Cochabamba 2013}) 11... Nxd5 {[%emt 0:01:18]} 12. Nxd5 Bxd5 (12... exd5 $5 {
Curieusement, il n'y a aucune partie dans les bases avec ce coup naturel}) 13.
e4 $1 Bb7 14. d4 $14 {Les Blancs ont un petit avantage d'espace et une Q plus
active} Nf6 15. Rfd1 {[%emt 0:01:03]} (15. d5 $1 {Dans ce genre de structure,
d5 est un coup candidat important et il semble plus prometteur que le
sacrifice du P"e4"} exd5 16. exd5 Nxd5 17. Rad1 {[%cal Gd1d8]} Qd6 (17... Qc7
18. Nh4 {[%cal Gh4f5]} Bxh4 19. Rxd5 $1 Bxd5 20. Qg4 g6 21. Qxh4 $40 {[%cal
Gh4h6]}) 18. Ne5 Rcd8 (18... Rfe8 19. Nc4 $44) (18... Qe6 19. Rfe1 Bf6 20. Qc4
Rcd8 21. Ng4 $36 {[%cal Gg4f6]}) 19. Rfe1 {[%cal Ge2e7]} Bf6 20. Nc4 $44 Qc7
21. Bxd5 Bxd5 22. Bxf6 {[%csl Rg8]}) 15... Bxe4 {[%emt 0:00:52]} 16. dxc5 Qc7
17. cxb6 {59" Les Blancs ont récupéré le P sacrifié mais dans des mauvaises
conditions et les Noirs n'ont aucun problème} Qxb6 {46"} 18. Bxf6 $6 {[%emt 0:
00:53]} (18. Rac1 $142) 18... Bxf3 {46"} 19. Bxf3 Bxf6 $11 {Les Noirs ont
facilement égalisé mais il est difficile de jouer pour le gain} 20. Rac1 Bd4
21. Kg2 {[%emt 0:00:52]} g6 {[%emt 0:00:45]} 22. Rc2 Rc5 23. Rxc5 Qxc5 24. Qd2
Rd8 (24... e5 $5 {[%cal Gf8c8,Gf7f5]} 25. Rc1 Qd6 26. h4 {[%cal Gh4h5,Gh5h6]}
h5 (26... Kg7 27. h5 $1 {[%cal Gc1h1,Gh5g6,Gd2h6]}) 27. Rc6 Qd7 28. Qh6 {
[%cal Gf3h5,Gc6g6]} Rc8) 25. Rc1 {[%emt 0:00:39]} Qf5 {24"} 26. Qe2 Qa5 27. Rc2
Bb6 28. h4 h5 29. Bc6 Qb4 30. Be4 {[%emt 0:00:19]} Kg7 {[%emt 0:00:23]} 31. Bc6
Qd6 32. Bf3 e5 {La majorité centrale ne doit pas être sous-estimée} 33. Qb5 Qe7
34. Qc6 Rd6 35. Qa8 {[%emt 0:00:12]} Rd8 {[%emt 0:00:10]} 36. Qc6 Rd4 37. Qb7
Qe6 38. Re2 {07"} Qf5 $6 {04"} (38... Qd6) 39. Bd5 (39. Qe7 {[%csl Re5][%cal
Ge2e5,Ge7e5]} Qf6 40. Rxe5 Qxe7 41. Rxe7 Rd2 42. Re2 Rxe2 $11 {[%csl Gb6,Gf3]})
39... Rd1 40. Bc4 {4"} Bd4 {2"} 41. Qe7 Rc1 42. Qb7 Rc3 43. Qd5 g5 {Une
dernière tentative de jouer pour le gain} 44. hxg5 h4 45. Qe4 h3+ 46. Kh2 Qxe4
47. Rxe4 Bxf2 48. Rg4 Kg6 49. Kxh3 Be1 $44 {Les Blancs ont gagné un P mais la
Rg4 ne peut plus bouger et les Blancs ne peuvent plus jouer que le B} 1/2-1/2

[Event "Andorra op 16th"]
[Site "Andorra"]
[Date "1998.??.??"]
[Round "7"]
[White "Marin, Mihail"]
[Black "Dorin, Mauricio"]
[Result "1/2-1/2"]
[WhiteElo "2545"]
[BlackElo "2355"]
[Annotator "Marin,M"]
[PlyCount "65"]
[EventDate "1998.06.??"]
[EventType "swiss"]
[EventRounds "9"]
[EventCountry "AND"]
[SourceTitle "EXT 2003"]
[Source "ChessBase"]
[SourceDate "2002.11.25"]
[SourceVersion "1"]
[SourceVersionDate "2002.11.25"]
[SourceQuality "1"]

1. Nf3 Nf6 2. c4 e6 3. g3 d5 4. Bg2 Be7 5. O-O O-O 6. b3 c5 7. Bb2 b6 8. Nc3
Bb7 9. e3 Nc6 10. cxd5 Nxd5 11. Nxd5 Qxd5 12. d4 Na5 13. dxc5 Qxd1 14. Rfxd1
Bxc5 15. Ne5 (15. Bc3 Rfc8 16. Ne5 Bxg2 17. Kxg2 f6 18. Bxa5 bxa5 19. Nc4 $14)
15... Bxg2 16. Kxg2 Rfd8 17. Bc3 Bd6 $1 18. Rac1 Rac8 19. Rd3 f6 (19... Bxe5
20. Bxe5 $14) 20. Nf3 (20. Rcd1 Rxc3 21. Rxc3 fxe5 22. Rcd3 Nb7) 20... e5 21.
e4 Nb7 22. Rcd1 Kf7 23. Nd2 Be7 (23... Nc5 24. Rd5 Be7 25. Rxd8 Rxd8 26. f3 Rd3
27. Rc1 Re3 $15 28. Kf2 Rxe4 $1) 24. Rxd8 Rxd8 (24... Bxd8 25. Nc4) (24... Nxd8
25. Nc4 b5 26. Nd6+ Bxd6 27. Rxd6) 25. Kf1 Nd6 {Draw offer} 26. Ke2 Rc8 27. Rc1
Nb5 28. Nc4 Nxc3+ 29. Rxc3 Ke6 30. a4 g6 31. Rd3 Rc6 32. Rd5 Rc5 33. Rxc5
1/2-1/2

[Event "ROM-ch"]
[Site "Iasi"]
[Date "1999.12.24"]
[Round "12"]
[White "Marin, Mihail"]
[Black "Parligras, Mircea Emilian"]
[Result "1-0"]
[WhiteElo "2532"]
[BlackElo "2377"]
[Annotator "Marin,M"]
[PlyCount "67"]
[EventDate "1999.12.13"]
[EventType "tourn"]
[EventRounds "15"]
[EventCountry "ROU"]
[EventCategory "9"]
[SourceTitle "CBM 075"]
[Source "ChessBase"]
[SourceDate "2000.04.05"]
[SourceVersion "1"]
[SourceVersionDate "2000.04.05"]
[SourceQuality "1"]

1. c4 e6 2. Nf3 Nf6 3. g3 c6 4. Bg2 d5 5. b3 Nbd7 6. Bb2 Be7 7. O-O O-O 8. d3
b6 9. Nbd2 Ba6 10. Qc2 Rc8 11. e4 b5 (11... c5 $5) 12. Rfe1 $1 $14 c5 (12...
Re8 13. e5 {פf6}) (12... h6 13. Rad1 Re8 14. d4 $16) 13. exd5 exd5 14. Nh4 $1
$16 Re8 (14... g6 15. cxd5 Nb6 (15... Bb7 16. d6) 16. Rxe7 Qxe7 17. Qc3 Nbd7
18. Ne4 Kg7 19. d6 Qd8 20. Bh3 $18) (14... d4 15. Nf5 Re8 16. cxb5 Bxb5 17.
Rxe7 Rxe7 18. Nxe7+ Qxe7 19. Bxd4 $16) 15. Nf5 (15. cxd5) 15... dxc4 (15... Bf8
16. Rxe8 Qxe8 17. cxd5 $16) 16. dxc4 Bf8 17. Ne4 $6 (17. Rxe8 $142 Qxe8 18. Ne4
Nxe4 19. Bxe4 Qe6 20. Rd1 Nf6 21. Bxf6 Qxf6 22. Rd7 $16 {-17.Ne4 Nxe4?!}) 17...
Nxe4 $6 (17... Qb6 $1) 18. Rxe4 {/\Nh6} Rxe4 (18... Nf6 19. Rh4 $40) (18... Qg5
19. Rxe8 Rxe8 20. Bc6 Rd8 21. cxb5 $16) 19. Bxe4 Nf6 (19... bxc4 20. Nh6+ $1)
20. Rd1 Qb6 21. Bxf6 Qxf6 22. Rd7 $16 bxc4 23. bxc4 (23. Bd5 cxb3 24. Rxf7 $2
Qa1+ 25. Kg2 Qf1+ 26. Kf3 Qh1+ $19) 23... Rd8 (23... Qe6 {[#]} 24. Rxf7 $1 Qxc4
(24... Bxc4 25. Rxa7 $18) 25. Rxg7+ Bxg7 (25... Kh8 26. Rxh7+ Kg8 27. Ne7+ $18)
26. Bd5+ Qxd5 27. Ne7+ Kh8 28. Nxd5 $16) 24. Rxa7 Bc8 25. Ne3 g6 26. Bd5 Be6
27. Kg2 h5 28. Qe4 Re8 (28... Bh6 $142 29. Bxe6 Qxe6 30. Qxe6 fxe6 $16) 29.
Bxe6 Rxe6 $2 (29... Qxe6 30. Qxe6 Rxe6 31. a4 $18) 30. Nd5 $18 Qd8 (30... Qf5
31. Qxf5 gxf5 32. a4 $18) 31. Qf3 f5 {עg8} 32. Nf4 Re7 (32... Rb6 33. a4 $18)
33. Rxe7 Qxe7 34. Nxg6 1-0

[Event "Poikovsky Karpov 15th"]
[Site "Poikovsky"]
[Date "2014.05.11"]
[Round "1"]
[White "Morozevich, Alexander"]
[Black "Bologan, Viktor"]
[Result "1-0"]
[WhiteElo "2719"]
[BlackElo "2655"]
[Annotator "Marin,M"]
[PlyCount "191"]
[EventDate "2014.05.11"]
[EventType "tourn"]
[EventRounds "9"]
[EventCountry "RUS"]
[EventCategory "18"]
[SourceTitle "CBM 161"]
[Source "ChessBase"]
[SourceDate "2014.07.16"]
[SourceVersion "1"]
[SourceVersionDate "2014.07.16"]
[SourceQuality "1"]

{With the help of Valentin Stoica.} 1. Nf3 d5 2. g3 Nf6 3. Bg2 e6 4. O-O Be7 5.
b3 O-O 6. c4 c5 7. Bb2 Nc6 8. e3 b6 9. Nc3 Bb7 10. cxd5 Nxd5 11. Nxd5 Qxd5 12.
d4 {This is one of the main old tabyias of the Reti Opening. Black has a wide
choice in meeting the threat Nf3-e5.} Rad8 {Abstractly speaking, this is the
most logical move, since it completes the development. Concretely, theory
considers it has a problem.} 13. Ne5 Qxg2+ {(!) A rare move but in my opinion
the only one which allows Black to play a double-edged game. If the queen
sacrifrice is insufficient then the whole line is bad.} ({It has long been
known that} 13... Qd6 14. dxc5 Qxc5 15. Nd7 {leads at least to one-sided
advantage for White. The most recent grandmaster game with it did not question
the validity of this evaluation.} Qf5 16. e4 Qg5 17. h4 Qh6 18. Bc1 g5 19. hxg5
Bxg5 20. f4 Be7 21. Qg4+ Qg6 22. Qxg6+ hxg6 23. Nxf8 $18 {Malakhov,V (2712)
-Savchenko,B (2550) Konya 2012 (1-0, 43)}) 14. Kxg2 Nxe5+ 15. f3 cxd4 {The
good thing when playing this variation with Black is that the computer's
evaluation (for instance, Houdini gives around +1,50 on level 23) has little
to do with the reality. Black only gets two minor pieces for the queen, but
has good chances to build a reliable fortress. Moreover, during an over the
board game White's weaknesses may look a bit more worrying than they
objectively should.} 16. exd4 ({When unexpectedly facing this line in a blitz
game over the Internet, I chose the fastest way to simplify to a promising
endgame:} 16. Bxd4 Nxf3 17. Rxf3 e5 18. Rc1 exd4 19. exd4 Bc5 (19... Bf6 20.
Rc7 Rxd4 21. Qc1 $14) 20. dxc5 $5 Rxd1 21. Rxd1 bxc5 22. Rd7 Bxf3+ 23. Kxf3 {
Even though Black is a pawn up, his position is difficult, maybe close to
losing. At least this is what I thought during Marin,M-Gelashvili,T World
Chess Network (blitz) 2003 (1-0, 58) and my opponent could not prove the
contrary.}) 16... Nc6 {White's main trump is that losing the d4-pawn is not
such a big problem. In fact, this would lead to some piece exchanges and the
opening of files and diagonals, with an increased chance of making his
material advantage effective.} 17. Rc1 (17. Qe2 Rd5 18. Rac1 Rfd8 19. Rc4 $6 {
This returns material without achieving anything instead:} Ba6 20. Qe4 Bxc4 21.
bxc4 R5d6 22. Rd1 Bf6 23. Ba3 Rxd4 24. Rxd4 Nxd4 {Black's fortress proved
unbreakable in Ehlvest,J (2606)-Nakamura,H (2701) Saint Louis 2009 (1/2-1/2,
37)}) 17... Rd5 $146 {The idea of blocking the pawn looks best to me. In many
cases, White could simply sacrifice it with d4-d5, achieving the desired
simplification and activation of his pieces.} (17... Rd7 18. a3 Rfd8 19. Qe2
Bf6 20. b4 e5 (20... Ne7 21. d5 $1 {Otherwise the Black's position may prove
unbreakable after ...Nd5.} Bxb2 22. Qxb2 Rxd5 23. Rc7 Rd2+ 24. Qxd2 Rxd2+ 25.
Rf2 $18) 21. d5 Rxd5 22. Rfd1 Nd4 23. Bxd4 exd4 24. Rc7 Bc8 {White should win
but starting with this moment the former World Champion starts playing
hesittantly.} 25. Rxa7 (25. Qc4 Be6 26. Qa6 d3 27. Rd2 Bg5 28. f4 Bf6 29. Rxa7
Bf5 30. Ra8 Be4+ 31. Kf1 $18) 25... d3 26. Qe4 $2 (26. Qf2 d2 27. Ra8 Bc3 28.
Qe3 $18) 26... Be6 (26... Re5 $142 27. Qc4 Re2+ 28. Kh1 Be6 $132) 27. a4 (27.
Rd2 h6 {[%cal Gf6c3]} (27... Bc3 $2 28. Rxd3 $18) 28. Rc7 Re5 29. Qf4 Re8 $5
$132) 27... d2 $44 {Kramnik,V (2793)-Ezat,M (2454) Antalya 2013 (1/2-1/2, 90)})
(17... Bf6 18. Rc4 $5 Rd7 (18... Nxd4 $6 19. Qa1 (19. Bxd4 Ba6) 19... e5 20.
Rc7 Ba6 21. Rf2 {is to a certain extent similar to Kramnik's game above.}) 19.
Qc2 Ne7 20. Rc7 (20. d5 {does not work out so well for concrete reasons} Nxd5 {
[%cal Gd5e3]} 21. Re1 b5 $132 {[%csl Gc4]}) 20... Rfd8 21. Rxd7 Rxd7 22. Kf2
Nd5 (22... Nf5 23. d5 $1 Bxb2 24. Qxb2 Bxd5 25. Rc1 $16) 23. a3 h5 24. h4 g6 {
Black's position is very hard to break. Since everything is covered well on
the c-file, the only chance is opening the kingside. After some waiting moves
White decides to prepare this operation with a king march to the queenside.}
25. Rc1 Kh7 26. Qe2 a6 27. Rc2 Bg7 28. Qd3 Ne7 29. Qe2 Nd5 30. Ke1 $5 Bh6 31.
f4 Bg7 32. Kd1 Ne7 {Black takes measures for blocking the kingside before
White completes his regrouping.} 33. Rd2 Nf5 34. Rd3 Bd5 35. Kc1 b5 $5 (35...
Bf6 36. Kb1 Kg7 37. Rc3 $5 b5 (37... Nxd4 38. Qe3 Nf5 39. Qc1 $16) 38. Qc2 a5
39. Rc8 Nxg3 40. Qc5 $40) 36. Qe1 Bf6 37. Kb1 Bd8 38. Ka1 Bb6 {Since the
knight could not defend the c7-square anymore, the bishop has replaced it.
Black's position looks playable although in Mikaelyan,A (2281)-Nadanian,A 
(2416) Jermuk 2014 (1-0, 53) Black eventually lost control in a later phase.})
18. Rc4 {Preparing to set up pressure along the c-file and more or less
inducing the next move.} b5 {It is hard to give a final evaluation of the
static merits of this move. It weakens the c5-square but gains some space.} ({
Concretely, Black must have refrained from the imemdiate regrouping manoeuvre
starting with} 18... Bd6 {on account of} 19. Qc1 $1 (19. Qc2 Ne7 20. Rc7 Nf5
21. Kf2 Ba6 22. Rd1 Bxc7 23. Qxc7 Rc8 $132) 19... Ne7 20. Ba3 $16) 19. Rc2 Bd6
20. Qe2 ({Actually, even here} 20. Qc1 $5 {looks worth attention:} Nb4 (20...
Ne7 21. Rc7 $18) 21. Rd2 Nxa2 22. Qa1 Nb4 23. Qxa7 Bc6 24. Qa1) 20... Ne7 (
20... Nb4 21. Rd2 Nxa2 22. Ra1 Nb4 23. Rxa7 Bc6 24. Ba3 $16 {/ +- With the
rook on a7 rather than the queen, White's position is by far stronger than in
the similar line above.}) 21. Rfc1 {White has regrouped harmoniously and Black
has to permanently count with the intrusion Rc7.} Rf5 $5 {This reminds me of
Lasker's famous manoeuvre ...Re8-e5-c5 from the fourth game of his first match
with Tarrasch.} (21... h5 22. Rc7) (21... Rd8 22. Rc7 $1) 22. Bc3 $6 {Starting
with this move the game becomes difficult to understand. It looks as if White
would be happy with a draw while Black would play for a win. Since this was
the first round, this picture makes little sense.} (22. Rf1 {would allow a
repetition of moves, although Black could also play} Nd5 {[%cal Gh7h5,Gg7g5]
with a probably unbreakable fortress, which may also acquire an expanding
character.}) ({Now was a good moment for the thematic pawn break} 22. d5 $1
Bxd5 (22... Nxd5 23. Kg1 $1 $16) 23. Kg1 $1 Bxf3 24. Qd3 {Suddenly, Black is
threatened with losing his coordination while all White's pieces are very
active. For instance} Nd5 25. Rf2 Bg4 26. Bxg7 $1 $18 Kxg7 27. Qd4+) 22... h5 (
22... g5 23. d5 $1 (23. g4 $6 Ng6 $5) (23. Kg1 Bxf3 24. Qd3 g4 {allows Black
to consolidate a bit}) 23... Bxd5 24. Bd4 Bxf3+ (24... g4 25. Kg1 gxf3 26. Qe3)
25. Qxf3 Rxf3 26. Kxf3 Ba3 (26... a5 27. Bc5) 27. Re1 Nd5 28. h4 $36) ({
I do not see any winning chance for White after} 22... Bxf3+ $142 23. Qxf3 Rxf3
24. Kxf3 h5 25. Ba5 g5 $1 26. Bc7 Ba3 $44) 23. Bd2 Rd8 (23... Bxf3+ $142 24.
Qxf3 Rxf3 25. Kxf3 Rd8 26. Ke4 f6 27. Bf4 Ba3 28. Rf1 f5+ (28... g5 29. Bc1)
29. Kd3 Nd5 $132) 24. Rc3 b4 25. Rc4 a5 26. Kf2 g5 {Do you also get the
feeling that Black is in a much more aggressive mood than his opponent?!} 27.
h4 (27. Kg1 $5 Bxf3 28. Qe3 h4 $1 (28... g4 29. Qh6 Bd5 30. Bg5 $18) 29. gxh4
Kg7 $132 {[%cal Gd8h8]}) 27... Bxf3 {Finally!} 28. Qxf3 Rxf3+ 29. Kxf3 g4+ 30.
Kg2 Kg7 $11 {In fact, I find Black's position more pleasant.} 31. Be1 Rb8 {
The start of a somewhat questionable plan. After White's accurate reaction,
the rook will not be doing much on b5.} (31... Ra8 $5 32. Bf2 a4 33. d5 axb3
34. axb3 exd5 $132) 32. Bf2 Rb5 {[%cal Gb5f5]} 33. d5 $1 {Better late than
never!} exd5 (33... Rxd5 34. Rd4 $14 {The rook exchange favours White in such
situations.}) (33... Nxd5 34. Rc6 $36) 34. R4c2 Nf5 35. Rc6 Rb7 $6 ({It was
not too late for} 35... a4 $142 36. Bg1 axb3 37. axb3 Ra5 $132) 36. Rd1 Bxg3 $2
{Possibly missing the answer. I assume Viktor was in time trouble.} ({But
Black was starting experiencing some problems already.} 36... Rb5 37. Bg1 Be5
38. Rf1 Nd6 $14) 37. Rxd5 Bxf2 38. Rxf5 Bxh4 39. Rxh5 $16 Bd8 40. Rd5 Rb8 41.
Kg3 Ra8 42. Rd7 a4 43. Rc4 axb3 44. axb3 Rb8 45. Rxg4+ Kf8 46. Rf4 Be7 47. Kf3
Rb6 48. Ke4 Re6+ 49. Kd5 Re3 50. Re4 Rxe4 51. Kxe4 {An interesting ending. It
may seem that Black should draw without problems, but defending both wings is
not simple at all, especially since White can create zugzwang positions. The
way the game goes it looks as if White is actually winning!} Bf6 52. Kd5 {
The king is heading for e8 in order to provoke the weakening advance of the
f-pawn.} Bc3 53. Rb7 Kg7 54. Rb6 Bd2 55. Ra6 Bc3 56. Ra2 Kf6 57. Rg2 Kf5 58.
Rf2+ Kg6 59. Ke4 {Do not hurry to think my previous comment was out of place.
Just wait and see.} Be1 60. Rf5 Bc3 61. Rc5 Kf6 62. Rd5 Bb2 63. Rf5+ Kg6 64.
Kf4 Bc1+ 65. Kg4 Bd2 66. Rd5 Bc3 67. Rd6+ Kg7 68. Kf5 Kg8 69. Rd1 Kg7 70. Rg1+
Kf8 71. Ke4 Ke7 72. Rf1 Ke6 73. Rf5 Bd2 74. Rb5 Kf6 75. Rb6+ Kg5 76. Rb7 Kg6
77. Ke5 Bc3+ 78. Kd6 Kf6 79. Rb5 Bd2 80. Kd7 Bc3 81. Ke8 Kg6 82. Rb6+ f6 {
Now that the e6- and g6-squares have been weakened, the white king can get
closer to the pawn.} 83. Rb5 Be1 84. Ke7 Bd2 85. Ke6 Be1 86. Rd5 Bc3 87. Rf5
Kg7 88. Rf4 $22 {[%cal Gf4f6,Gf4b4]} Kf8 (88... Kg8 89. Ke7 Kg7 90. Rg4+ Kh6
91. Ke6 {would allow White to use mating ideas in combination with the
domination over the bishop.}) 89. Rg4 $22 f5 (89... Ke8 90. Rg8#) 90. Rc4 f4
91. Rxf4+ Ke8 92. Kd6 Bd2 93. Rg4 Bc3 94. Kc5 Kd7 95. Rxb4 Kc7 96. Rf4 1-0